La juventud en la sociología uruguaya: estado del arte /

Para establecer la forma en que los jóvenes se conformaron como problema sociológico, se analizarán en este trabajo las diferentes definiciones de la categoría juventud halladas en los últimos 40 años en el conjunto de la producción sociológica uruguaya.

محفوظ في:
التفاصيل البيبلوغرافية
المؤلف الرئيسي: Romero, Juan
مؤلفون آخرون: Moreira, Natalia
التنسيق: نص
الموضوعات:
الوسوم: إضافة وسم
لا توجد وسوم, كن أول من يضع وسما على هذه التسجيلة!

MARC

LEADER 00000 a a2200000 04500
001 41402
003
040
100 |a Romero, Juan  
245 |a La juventud en la sociología uruguaya:   |b estado del arte /  |c Juan Romero ; Natalia Moreira  
520 |a Para establecer la forma en que los jóvenes se conformaron como problema sociológico, se analizarán en este trabajo las diferentes definiciones de la categoría juventud halladas en los últimos 40 años en el conjunto de la producción sociológica uruguaya.  
590 |a RRA/AGOSTO2011  
650 |a 1.JUVENTUD  
650 |a 2.SOCIOLOGIA  
650 |a 3.TEORIA  
650 |a 4.INVESTIGACION SOCIAL  
700 |a Moreira, Natalia  
773 |g páginas 137-161  
999 |c 36429  |d 36429